Dante
Guardat en:
| Autor principal: | |
|---|---|
| Format: | Llibre |
| Idioma: | espanyol |
| Publicat: |
Buenos Aires
Cronos
1946
|
| Edició: | 1a. ed |
| Matèries: | |
| Etiquetes: |
Afegir etiqueta
Sense etiquetes, Sigues el primer a etiquetar aquest registre!
|
MARC
| LEADER | 00000cam a2200000 a 4500 | ||
|---|---|---|---|
| 001 | UCE4928 | ||
| 003 | CL-VaPUC | ||
| 005 | 20230120110517.0 | ||
| 008 | 141120e19460000ag |||||||||||||||||spa|d | ||
| 999 | |c 357784 |d 357782 | ||
| 040 | |c Pontificia Universidad Católica de Valparaíso | ||
| 082 | 0 | 4 | |a 928 |b GIL |2 21 |
| 100 | |a Gillet, Louis |e author |9 577400 | ||
| 245 | 1 | 0 | |a Dante |
| 250 | |a 1a. ed | ||
| 260 | |a Buenos Aires |b Cronos |c 1946 | ||
| 300 | |a 266 p | ||
| 583 | |a last modification |c 20141120 11:52:00 |k Rodrigo Vera | ||
| 600 | |a Alighieri, Dante |d 1265-1321 |x Biografías |9 880014 | ||
| 650 | 7 | |a ESCRITORES ITALIANOS |2 CL-VaPUC |9 464327 | |
| 650 | 0 | |a Poetas italianos |9 375878 | |
| 942 | |c BK |2 ddc | ||
| 945 | |d 20141120 11:52:00 |a dcastane | ||
| 952 | |0 0 |1 0 |3 erb |4 0 |6 928_000000000000000_GIL_1946 |7 0 |8 X |9 465845 |a FDOBUD |b FDOBUD |i 5107709 |o 928 GIL 1946 |p 5107709 |r 2019-11-23 |w 2019-11-23 |y BK_X |z Catalogado en:20141120 |k BUD | ||